لماذا لا أستطيع الطيران مثل سوبرمان؟ وأسئلة أخرى حول الحركة / (رقم التسجيلة. 120459)

تفاصيل مارك
000 -LEADER
fixed length control field 00623nam a22001817a 4500
005 - DATE AND TIME OF LATEST TRANSACTION
control field 20251108174858.0
008 - FIXED-LENGTH DATA ELEMENTS--GENERAL INFORMATION
fixed length control field 250721s2001 xx 000 0 ara d
020 ## - INTERNATIONAL STANDARD BOOK NUMBER
International Standard Book Number 2844095798
082 14 - DEWEY DECIMAL CLASSIFICATION NUMBER
Classification number ط/372.3/هوي
100 1# - MAIN ENTRY--PERSONAL NAME
Personal name هويت، سالي
245 10 - TITLE STATEMENT
Title لماذا لا أستطيع الطيران مثل سوبرمان؟ وأسئلة أخرى حول الحركة /
264 1# - PRODUCTION, PUBLICATION, DISTRIBUTION, MANUFACTURE, AND COPYRIGHT NOTICE
Place of production, publication, distribution, manufacture بيروت :
Name of producer, publisher, distributor, manufacturer الدار العربية للعلوم،
Date of production, publication, distribution, manufacture, or copyright notice 2001.
300 ## - PHYSICAL DESCRIPTION
Extent 29ص.
490 0# - SERIES STATEMENT
Series statement لماذا لا أستطيع
653 ## - INDEX TERM--UNCONTROLLED
Uncontrolled term اطفال مرحلة متوسطة (6-9) سنوات
942 ## - ADDED ENTRY ELEMENTS (KOHA)
Source of classification or shelving scheme Dewey Decimal Classification
Koha item type كتب
المقتنيات
حالة السحب حالة الفقدان مصدر التصنيف حالة التلف غير قابل للإعارة المكتبة الرئيسية المكتبة الحالية موقع الرف تاريخ التزويد الرقم المتسلسل Total Checkouts رقم الإستدعاء الباركود تاريخ آخر ظهور تاريخ الفاتورة نوع المادة (كوها)
    Dewey Decimal Classification     المكتبة المركزية المكتبة المركزية الأطفال 28/07/2025 1508502   ط/372.3/هوي PLD00237720 28/07/2025 28/07/2025 كتب
    Dewey Decimal Classification     مكتبة قتيبة للأطفال مكتبة قتيبة للأطفال الأطفال 01/03/2018 1667571   ط/372.3/هوي PLD00418112 28/07/2025 01/03/2018 كتب
    Dewey Decimal Classification     مكتبة قتيبة للأطفال مكتبة قتيبة للأطفال الأطفال 04/03/2018 1667899   ط/372.3/هوي PLD00418674 28/07/2025 04/03/2018 كتب
    Dewey Decimal Classification     مكتبة الأميرة سلمى مكتبة الأميرة سلمى الأطفال 24/02/2016 565942   ط/372.3/هوي PLD00375958 28/07/2025 24/02/2016 كتب
    Dewey Decimal Classification     مكتبة الأميرة سلمى مكتبة الأميرة سلمى الأطفال 24/02/2016 567905   ط/372.3/هوي PLD00375960 28/07/2025 24/02/2016 كتب
    Dewey Decimal Classification     مكتبة الياسمين للأطفال مكتبة الياسمين للأطفال الأطفال 15/04/2014 565397   ط/372.3/هوي PLD00299429 28/07/2025 15/04/2014 كتب
    Dewey Decimal Classification     مكتبة الياسمين للأطفال مكتبة الياسمين للأطفال الأطفال 12/04/2014 557880   ط/372.3/هوي PLD00298822 28/07/2025 12/04/2014 كتب
Implemented & Customized by: BBB with SCIT (Smart Chains for Information Technology)

Powered by Koha